| 000 | 00501nam a2200181Ia 4500 | ||
|---|---|---|---|
| 999 |
_c29494 _d29494 |
||
| 003 | OSt | ||
| 005 | 20210108123809.0 | ||
| 008 | 190216s9999||||xx |||||||||||||| ||und|| | ||
| 020 | _a9788188779536 | ||
| 040 | _coclc | ||
| 082 |
_a894.812301 _bINN/M |
||
| 100 |
_aInnocent _98260 |
||
| 245 | 0 |
_aMazhakkannadi / _cInnocent |
|
| 260 |
_bOlive Publications, _aKozhikode: _c2008. |
||
| 300 | _a119p | ||
| 650 | _aKathakal | ||
| 942 |
_cBK _2ddc _h894.812301 _iINN/M _k894.812301 _mINN/M |
||